| 000 | 00486nam a2200169 a 4500 | ||
|---|---|---|---|
| 005 | 20140412111225.0 | ||
| 008 | 020410s19uu xx 00 eng d | ||
| 020 | _a087965-814-2 | ||
| 050 |
_aTR(GS 420.7 _bS634 bk. L |
||
| 100 | _aBoning, Richard A. | ||
| 245 |
_aGetting the main idea : _bbooklet L / _cRichard Edition. |
||
| 260 |
_aNew York : _bBarnell Loft Ltd, _c1977. |
||
| 300 | _a1 v. (unp.) ; ill. | ||
| 440 | _aSpecific Skill Series | ||
| 650 | _aReading | ||
| 999 |
_c102022 _d102022 |
||